مبني على الكسر : (Record no. 31070)

MARC details
000 -الفاتح
حقل البيانات ثابتة الطول 01006nam a2200289 i 4500
003 - محدد رقم الضبط
رقم الضبط EG-ScBUE
005 - وقت وتاريخ اخر تعامل مع التسجيلة
رقم الضبط 20260203104810.0
008 - عناصر البيانات ثابتة الطول - معلومات عامة
حقل البيانات ثابتة الطول 210923s2025 ua f 000 f ara d
017 ## - رقم الإيداع القانونى
رقم الإيداع القانونى 2025 / 2471
020 ## - الرقم الدولى المعيارى للكتب
الرقم الدولى المعيارى للكتاب 9789778242775
040 ## - مصدر الفهرسة
وكالة الفهرسة الأصلية EG-ScBUE
لغة الفهرسة ara
قواعد الوصف rda
وكالة النسخ EG-ScBUE
وكالة التعديل EG-ScBUE
082 04 - رقم تصنيف ديوى العشرى
رقم التصنيف ‪892.746
رقم المادة أ ب و
رقم الطبعة 22
100 1# - المدخل الرئيسى - إسم شخصى
الإسم الشخصى أبو بكر، نورهان،
الدور مؤلف.
245 10 - بيان العنوان
العنوان مبني على الكسر :
بقية العنوان رواية /
بيان المسئوليه,etc نورهان أبو بكر.
250 ## - بيان الطبعة
بيان الطبعة الطبعة الثانية.
264 #1 - النشر، التوزيع
مكان الناشر او الموزع القاهرة :
اسم الناشر او الموزع الرواق للنشر والتوزيع،
تاريخ النشر أو التوزيع 2025.
300 ## - الوصف المادى
التعداد 327 صفحة ؛
أبعاد الوعاء 21 سم
336 ## - نوع المحتوى
source rdacontent
Carrier Type Term نص
Content Type Code txt
337 ## - نوع الوسيط
source rdamedia
Media Type Term بدون وسيط
Media Type Code n
338 ## - نوع الحامل أو الناقل
source rdacarrier
Carrier Type Term مجلد
Carrier Type Code nc
541 ## - تبصرة المصدر المباشر للتزويد
مصدر التزويد Book Fair 2026.
650 #7 - المدخل الاضافى بالموضوع-مصطلح موضوعى
مصطلح موضوعي أو اسم جغرافي كعنصر مدخل القصص العربية
التقسيم الفرعي الزمني قرن 21.
مصدر الرأس أو المصطلح BUEsh
650 #7 - المدخل الاضافى بالموضوع-مصطلح موضوعى
مصطلح موضوعي أو اسم جغرافي كعنصر مدخل الأدب العربي
التقسيم الفرعي الزمني قرن 21.
التقسيم الفرعي الشكلي BUEsh
653 ## - مصطلح تكشيفى غير مقيد
مصطلح غير مقيد BUEsh
Resource For college Arabic Literature
Arrived date list February2026
655 #7 - مصطلح تكشيفى-نوع/شكل
مصدر المصطلح BUEsh
التقسيم الفرعي الشكلي Reading book
942 ## - عناصر المدخل الإضافي( كوها)
مصدر التصنيف او مخطط الترفيف Dewey Decimal Classification
Holdings
حالة التراجع حالة الفقد مصدر التصنيف او خطة الترفيف حالة تلف ليس للاعارة مجموعات كوها المكان الدائم المكان الحالي موقع الترفيف تاريخ الاكتساب Source of acquisition سعر الشراء الطبيعي رقم الاستدعاء الباركود Date last checked out Date last seen مُعار التكلفة نوع الوعاء
    Dewey Decimal Classification     الرواق Central Library Central Library Second Floor 03/02/2026 Purchase 365.00 ‪892.746 أ ب و 000057472 26/05/2026 26/04/2026 26/04/2026 457.00 Book - Borrowing